000 00283nam a22001337a 4500
008 170130b xxu||||| |||| 00| 0 eng d
020 _a9780809467372
041 _aeng
080 _a61
100 _a3
101 _aSHMI
245 _aTHE MEDICAL ADVISOR
_cBAUM, N
942 _2udc
_cBK
999 _c4024
_d4024